000 00316nam a2200121Ia 4500
008 190902s9999||||xx |||||||||||||| ||und||
020 _a0-673-15925-6
100 _aQuester MC Guiggan
245 0 _aBasic Marketing A Managerial Perspective
260 _aLondon
_bThe McGraw-Hill
_c2003
300 _a743
942 _cBK
999 _c2794
_d2794